Special people

Bibliographic Details
Main Author: Hirschfeld, Burt
Format: Book
Published: London : Severn House Publishers , 1988

MARC

LEADER 00000cam a2200000 7i4500
001 0000000726
002 000000823
005 20000330.0
020 |a 0727816586 
090 0 0 |a F   |b HIR 
100 1 |a Hirschfeld, Burt 
245 1 0 |a Special people   |c Burt Hirschfeld 
260 |a London :   |b Severn House Publishers ,   |c 1988 
300 |a 207 p. ;   |c 20 cm. 
999 |a 030800   |b BUKU   |c PINJAMAN   |e PERPUSTAKAAN KOMUNITI PETALING JAYA 
999 |a 030801   |b BUKU   |c PINJAMAN   |e PERPUSTAKAAN KOMUNITI PETALING JAYA